000 00803nam a2200253Ia 4500
003 OSt
005 20220918171017.0
006 a|||||r|||| 00| 0
007 ta
008 220917b |||||||| |||| 00| 0 eng d
020 _a9781137350367 (hbk)
_c5953.80
024 _a289,165
037 _b1071, 09/02/2016, Bright Book Service
_cTextual
040 _aARTS
_cARTS
_beng
041 _2eng
_aeng
082 _a40aY:1, Q5
100 _aGeraghty Lincoln Ed.
_933090
245 0 _aPopular media cultures
_b Fans, audiences and paratexts
260 _aNew York
_bPalgrave macmillan U.S.A.
_c2015
300 _axiii, 246p.
_ccm.
650 _aJOUNRALISM
_93876
942 _h40aY:1, Q5
_cTEXL
_2CC
999 _c137246
_d137246